| 000 | 00383nam a22001337a 4500 | ||
|---|---|---|---|
| 082 |
_a355.8 _bDEP |
||
| 100 |
_aDepartment of the army _944833 |
||
| 245 | _aThe army maintenance management system (tamms) | ||
| 260 |
_aWashington DC _bHQ Department of the army _c1981 |
||
| 300 |
_avarious _bill |
||
| 526 |
_a0 _b0 _c0 _d355_800000000000000_DEP |
||
| 650 |
_amce _9379 |
||
| 942 |
_2ddc _cBK |
||
| 999 |
_c551696 _d551696 |
||